[Event "10. OSIJEK OPEN"]
[Site "Osijek"]
[Date "2017.02.25"]
[Round "5.22"]
[White "Franc, Borna"]
[Black "Slobodjanac, Sinisa"]
[Result "1-0"]
[WhiteElo "1619"]
[BlackElo "1854"]
[PlyCount "147"]
[EventDate "2017.02.23"]

1. e4 b6 2. Nf3 Bb7 3. Nc3 e6 4. d4 Bb4 5. Bd3 Nf6 6. Qe2 d5 7. exd5 Qxd5 8.
O-O Bxc3 9. bxc3 O-O 10. c4 Qh5 11. Ne5 Qxe2 12. Bxe2 Nbd7 13. Nxd7 Nxd7 14. c3
Rac8 15. Be3 h6 16. Rfd1 Nf6 17. Rac1 Rfd8 18. f3 Ba6 19. Bf1 Kf8 20. a3 Rd7
21. Rd2 c5 22. Kf2 Ke8 23. h3 Rcd8 24. Rcd1 cxd4 25. cxd4 Rc8 26. Rc1 Ng8 27.
Rdc2 Ne7 28. g4 Rdc7 29. Bd3 Rd7 30. Be2 f6 31. Ke1 g5 32. Kd2 Nc6 33. Kc3 Ke7
34. c5 Bxe2 35. Rxe2 bxc5 36. dxc5 e5 37. Rd2 Nd4 38. Bxd4 exd4+ 39. Kc4 d3 40.
Rc3 Rdc7 41. Kd5 Rd8+ 42. Ke4 Rdc8 43. Rcxd3 Rxc5 44. Rd7+ Ke8 45. Rxa7 Re5+
46. Kd3 Rd8+ 47. Kc2 Re3 48. Rxd8+ Kxd8 49. Rh7 Rxf3 50. Rxh6 Rxa3 51. Rxf6
Rxh3 52. Rg6 Rg3 53. Rxg5 Rf3 54. Kd2 Ke7 55. Ke2 Ra3 56. Rf5 Ke6 57. Kf2 Rb3
58. Rf3 Rb8 59. Kg3 Rh8 60. g5 Rh1 61. Kg4 Rh2 62. g6 Rh1 63. Kg5 Ke7 64. g7
Rg1+ 65. Kh6 Rh1+ 66. Kg6 Rg1+ 67. Kh7 Rh1+ 68. Kg8 Rh4 69. Re3+ Kd8 70. Kf7
Rf4+ 71. Kg6 Rg4+ 72. Kf6 Kd7 73. Rh3 Rg2 74. Rh5 1-0

[Event "10. OSIJEK OPEN"]
[Site "Osijek"]
[Date "2017.02.25"]
[Round "5.23"]
[White "Kovac, Petar"]
[Black "Tomasic, Dragutin"]
[Result "0-1"]
[WhiteElo "1409"]
[BlackElo "1843"]
[PlyCount "58"]
[EventDate "2017.02.23"]

1. d4 b5 2. e3 a6 3. Bd3 Bb7 4. Nf3 d5 5. Nc3 Nf6 6. Bd2 e6 7. Ne2 Nbd7 8. Ng3
c5 9. c3 Bd6 10. Qe2 Ne4 11. a3 O-O 12. b4 c4 13. Bc2 a5 14. O-O axb4 15. axb4
Rxa1 16. Rxa1 g6 17. Bxe4 dxe4 18. Ne1 f5 19. Qd1 Qc7 20. Nf1 Nb6 21. g3 Qc6
22. Ng2 e5 23. Ra2 Nd5 24. Qc1 f4 25. gxf4 exf4 26. exf4 e3 27. fxe3 Nxb4 28.
Be1 Nxa2 29. Qc2 Nc1 0-1

[Event "10. OSIJEK OPEN"]
[Site "Osijek"]
[Date "2017.02.25"]
[Round "5.24"]
[White "Ristanic, Petar"]
[Black "Rogulja, Marko"]
[Result "1/2-1/2"]
[WhiteElo "1787"]
[BlackElo "1468"]
[PlyCount "119"]
[EventDate "2017.02.23"]

1. e4 e5 2. Nf3 Nc6 3. Bb5 a6 4. Ba4 b5 5. Bb3 Bc5 6. O-O Nge7 7. Nxe5 Nxe5 8.
d4 Bxd4 9. Qxd4 N7c6 10. Qd5 d6 11. f4 Be6 12. Qd1 Bxb3 13. axb3 Nd7 14. Nc3
O-O 15. Be3 Re8 16. Re1 Nf8 17. Bf2 Ng6 18. g3 Nge7 19. Qg4 Qc8 20. Qh5 Nb4 21.
Re2 c5 22. Rd1 Qc7 23. Red2 Rad8 24. Qg5 f6 25. Qg4 Nc8 26. Nd5 Nxd5 27. exd5
Qd7 28. Qf3 Qf7 29. Ra1 Qb7 30. g4 Rd7 31. Rd3 Rde7 32. Re3 Rxe3 33. Bxe3 Ne7
34. Rd1 Ng6 35. Bf2 Qc7 36. h4 Nf8 37. Qd3 Qf7 38. Ra1 Ra8 39. Qe4 Re8 40. Qd3
Qb7 41. h5 Nd7 42. Ra2 Nb6 43. c4 Qc8 44. cxb5 Qxg4+ 45. Kf1 axb5 46. Ra1 Qxh5
47. Qxb5 Nxd5 48. f5 Qh1+ 49. Bg1 Qf3+ 50. Bf2 Qh1+ 51. Bg1 Ne3+ 52. Ke2 Qg2+
53. Bf2 Qe4 54. Bxe3 Qxe3+ 55. Kf1 Qf4+ 56. Kg1 Kf7 57. Ra7+ Re7 58. Rxe7+ Kxe7
59. Qb7+ Kd8 60. Qb8+ 1/2-1/2

[Event "10. OSIJEK OPEN"]
[Site "Osijek"]
[Date "2017.02.25"]
[Round "5.25"]
[White "Mrgan, Franjo"]
[Black "Djuric, Milan"]
[Result "0-1"]
[WhiteElo "1805"]
[BlackElo "1940"]
[PlyCount "120"]
[EventDate "2017.02.23"]

1. e4 Nf6 2. Nc3 d6 3. g3 g6 4. Bg2 Bg7 5. Nge2 O-O 6. O-O c6 7. d3 e5 8. h3
Na6 9. Be3 Nd7 10. Qd2 Re8 11. f4 exf4 12. Bxf4 Ne5 13. Bh6 Bh8 14. d4 Nc4 15.
Qf4 Be6 16. b3 Nb6 17. Rad1 Qd7 18. d5 cxd5 19. exd5 Bf5 20. Nd4 Be5 21. Qf2
Rac8 22. Nxf5 Rxc3 23. Nd4 Bxg3 24. Qd2 Rc7 25. c4 Nc5 26. Qg5 Be5 27. Qh4 a6
28. Rf2 Qe7 29. Bg5 Qf8 30. Rdf1 Bg7 31. Bf6 Nd3 32. Bxg7 Qxg7 33. Rf6 Nc8 34.
Qg3 Ne5 35. R6f4 Rce7 36. Nf3 Nxf3+ 37. R4xf3 f5 38. Qh4 Re4 39. Qg3 Qd4+ 40.
Kh1 Qe5 41. Qg5 Re1 42. h4 Rxf1+ 43. Rxf1 Kf7 44. h5 Ne7 45. Qh4 Qf6 46. Qh2 g5
47. Be4 h6 48. Qc2 f4 49. Re1 Nf5 50. Kh2 Re5 51. Qc3 g4 52. Qd2 Qh4+ 53. Kg1
Qg3+ 54. Kf1 Ne3+ 55. Rxe3 fxe3 56. Bg6+ Kf6 57. Qe2 Qf3+ 58. Ke1 Qh1+ 59. Qf1+
Qxf1+ 60. Kxf1 g3 0-1

[Event "10. OSIJEK OPEN"]
[Site "Osijek"]
[Date "2017.02.25"]
[Round "5.26"]
[White "Krnic, Matija"]
[Black "Vurdelja, Slavko"]
[Result "1-0"]
[WhiteElo "1657"]
[BlackElo "1914"]
[PlyCount "85"]
[EventDate "2017.02.23"]

1. e4 e5 2. Nf3 Nc6 3. Bc4 d6 4. h3 Be6 5. Bb3 a5 6. Nc3 Be7 7. O-O Bxb3 8.
axb3 Nf6 9. Re1 O-O 10. d3 Re8 11. Ne2 d5 12. Ng3 dxe4 13. Nxe4 Nxe4 14. Rxe4
f5 15. Re1 Bf6 16. Rb1 Re6 17. Bd2 Qe7 18. Nh2 Rd8 19. f4 e4 20. dxe4 fxe4 21.
Nf1 b5 22. c3 b4 23. Qc2 g6 24. Rbd1 Re8 25. Be3 Qg7 26. Bd2 h6 27. Re2 Qh7 28.
g4 Qg7 29. Rde1 Qe7 30. Rg2 g5 31. Kh1 Qc5 32. Be3 Qe7 33. Ree2 gxf4 34. Bxf4
Bg5 35. Be3 Qg7 36. Ng3 Qg6 37. Nf5 Re5 38. h4 Bxe3 39. Rxe3 Qe6 40. Kh2 Kh8
41. Kh3 h5 42. Nd4 Rc5 43. Nxe6 1-0

[Event "10. OSIJEK OPEN"]
[Site "Osijek"]
[Date "2017.02.25"]
[Round "5.27"]
[White "Jakovljevic, Tadija"]
[Black "Benes, Miodrag"]
[Result "0-1"]
[WhiteElo "1643"]
[BlackElo "1892"]
[PlyCount "78"]
[EventDate "2017.02.23"]

1. e4 c5 2. b4 b6 3. b5 d5 4. exd5 Qxd5 5. Nc3 Qd8 6. Qf3 Bb7 7. Qxb7 Nd7 8.
Nd5 Rc8 9. Nf4 Ngf6 10. Qf3 Ne5 11. Qb3 Qd4 12. Bb2 Qxf4 13. Ne2 Qf5 14. Ng3
Qg5 15. Be2 e6 16. O-O Ng6 17. Bc4 Nf4 18. Rfe1 N6d5 19. Be5 Be7 20. Bxd5 Nxd5
21. Ne4 Qxe5 22. Nxc5 Qf5 23. Ne4 O-O 24. d3 Rfd8 25. a4 h5 26. c4 Nf6 27. a5
h4 28. axb6 axb6 29. Ra7 Nxe4 30. dxe4 Qc5 31. h3 Qb4 32. Qxb4 Bxb4 33. Re3
Rd1+ 34. Kh2 Rxc4 35. g3 hxg3+ 36. Kxg3 Rc3 37. Rxc3 Bxc3 38. Kf3 Bd4 39. Ke2
Rb1 0-1

[Event "10. OSIJEK OPEN"]
[Site "Osijek"]
[Date "2017.02.25"]
[Round "5.28"]
[White "Vidakovic, Mato"]
[Black "Dragicevic, Ivica"]
[Result "1/2-1/2"]
[WhiteElo "1838"]
[BlackElo "1655"]
[PlyCount "37"]
[EventDate "2017.02.23"]

1. d4 d5 2. Nf3 c6 3. Bf4 Nf6 4. h3 e6 5. e3 Bd6 6. Bxd6 Qxd6 7. a3 Nbd7 8. c3
h6 9. Bd3 O-O 10. Nbd2 c5 11. c4 cxd4 12. Nxd4 Ne5 13. Be2 Bd7 14. O-O Rac8 15.
Rc1 dxc4 16. Nxc4 Nxc4 17. Bxc4 Qb6 18. Qb3 Qxb3 19. Bxb3 1/2-1/2

[Event "10. OSIJEK OPEN"]
[Site "Osijek"]
[Date "2017.02.25"]
[Round "5.29"]
[White "Maroslavac, Ivana"]
[Black "Damjanovic, Stjepan"]
[Result "0-1"]
[WhiteElo "1731"]
[BlackElo "1617"]
[PlyCount "146"]
[EventDate "2017.02.23"]

1. e4 e5 2. Nf3 Nc6 3. Bb5 a6 4. Ba4 b5 5. Bb3 Nf6 6. d3 h6 7. O-O Bc5 8. c3
O-O 9. h3 Bb7 10. Re1 Re8 11. Nbd2 d5 12. Bc2 Qd7 13. exd5 Nxd5 14. Ne4 Ba7 15.
Ng3 Rad8 16. Nh4 Nf4 17. Bxf4 exf4 18. Rxe8+ Rxe8 19. Ngf5 Qe6 20. d4 Qe2 21.
Qd3 Qxd3 22. Bxd3 Kf8 23. Kf1 Nd8 24. Be2 Be4 25. a4 g5 26. axb5 gxh4 27. Nxh4
Bb7 28. bxa6 Bc8 29. Nf3 Nc6 30. b4 f6 31. b5 Ne7 32. c4 Nf5 33. c5 Rd8 34. Rd1
Ne7 35. Rb1 Nd5 36. Bc4 Kg7 37. Bxd5 Rxd5 38. b6 cxb6 39. cxb6 Bxa6+ 40. Ke1
Bb8 41. Kd2 Kf7 42. Kc3 Rb5 43. Rxb5 Bxb5 44. Nd2 Ke6 45. Kb4 Ba6 46. Kc3 Kd5
47. g3 fxg3 48. fxg3 Bxg3 49. Nb3 Be1+ 50. Kc2 Kc6 51. Nc5 Kxb6 52. Nd7+ Kc6
53. Nxf6 Bc8 54. Ng8 h5 55. Ne7+ Kd7 56. Ng6 h4 57. Kd1 Bg3 58. Ke2 Ke8 59.
Nxh4 Bxh4 60. Ke3 Bxh3 61. Kd3 Ke7 62. Ke3 Kd6 63. Ke4 Bg2+ 64. Ke3 Kd5 65. Kd3
Be4+ 66. Kc3 Be1+ 67. Kb3 Kxd4 68. Ka4 Bc6+ 69. Ka3 Kc3 70. Ka2 Bg3 71. Kb1 Bd5
72. Ka1 Be5 73. Kb1 Bb3 0-1

[Event "10. OSIJEK OPEN"]
[Site "Osijek"]
[Date "2017.02.25"]
[Round "5.36"]
[White "Medved, Dorian"]
[Black "Borzan, Matej"]
[Result "1/2-1/2"]
[WhiteElo "1356"]
[BlackElo "1556"]
[PlyCount "116"]
[EventDate "2017.02.23"]

1. e4 e5 2. Nf3 Nc6 3. Bc4 Nd4 4. Nxd4 exd4 5. d3 Bc5 6. O-O h6 7. c3 dxc3 8.
Nxc3 d6 9. Qe2 Ne7 10. Be3 Bb6 11. Rad1 O-O 12. h3 Be6 13. Bxe6 fxe6 14. d4 Qd7
15. e5 d5 16. Qb5 Qxb5 17. Nxb5 a6 18. Nc3 Rac8 19. b4 Nf5 20. Na4 Rfe8 21.
Nxb6 cxb6 22. Rc1 Kh7 23. Rfd1 b5 24. g4 Ne7 25. a3 Rc6 26. Kg2 Rec8 27. Kg3
R8c7 28. Kf3 Nc8 29. Rxc6 bxc6 30. Kg3 Nb6 31. Rd3 Kg6 32. h4 Kf7 33. g5 h5 34.
Bc1 g6 35. Rf3+ Kg7 36. Rf6 Re7 37. f3 Nd7 38. Rf4 Rf7 39. Rxf7+ Kxf7 40. f4
Nb6 41. Kf3 Nc8 42. Bb2 Ne7 43. Kg3 Nf5+ 44. Kh3 Ne3 45. Kg3 Nc4 46. Bc1 Nb6
47. Kf3 Na4 48. Ke3 Nc3 49. Kd3 Ne4 50. Ke3 Ng3 51. Kf3 Nf5 52. Kg2 Nxd4 53.
Be3 Nf5 54. Bf2 Ke7 55. Kf3 Kd7 56. Ke2 Kc7 57. Kd3 Kb7 58. Kc3 Ne7 1/2-1/2

[Event "10. OSIJEK OPEN"]
[Site "Osijek"]
[Date "2017.02.25"]
[Round "6.1"]
[White "Ljikar, Zoran"]
[Black "Stocko, Josip"]
[Result "1-0"]
[WhiteElo "2263"]
[BlackElo "2331"]
[PlyCount "85"]
[EventDate "2017.02.23"]

1. d4 Nf6 2. Nf3 e6 3. Nc3 Bb4 4. Bg5 h6 5. Bxf6 Qxf6 6. e4 O-O 7. Bd3 d5 8. e5
Qe7 9. O-O c5 10. a3 Ba5 11. Nb5 a6 12. Nd6 cxd4 13. Nxd4 Nc6 14. Nxc6 bxc6 15.
Nxc8 Rfxc8 16. Qe2 Qb7 17. b4 Bb6 18. Kh1 a5 19. Rab1 axb4 20. axb4 Bd4 21. f4
Qc7 22. Qg4 Qe7 23. f5 Bxe5 24. fxe6 Qxe6 25. Bf5 Qe8 26. Bxc8 Qxc8 27. Qxc8+
Rxc8 28. g3 f6 29. Kg2 Ra8 30. b5 cxb5 31. Rxb5 d4 32. Kf3 Kh7 33. h4 Rc8 34.
g4 Rxc2 35. h5 Rc3+ 36. Ke4 Rg3 37. Kf5 Re3 38. Rd5 Rg3 39. Rd8 d3 40. Rc1 Rf3+
41. Ke6 Rg3 42. Kf7 d2 43. Rcc8 1-0

[Event "10. OSIJEK OPEN"]
[Site "Osijek"]
[Date "2017.02.25"]
[Round "6.2"]
[White "Babic, Radoslav"]
[Black "Ascic, Anto"]
[Result "1-0"]
[WhiteElo "2231"]
[BlackElo "2126"]
[PlyCount "68"]
[EventDate "2017.02.23"]

1. e4 e5 2. Nf3 Nc6 3. Bb5 a6 4. Ba4 Nf6 5. d3 d6 6. c3 Be7 7. O-O O-O 8. h3 h6
9. Re1 Re8 10. Nbd2 Bf8 11. Nf1 g6 12. Ng3 Bg7 13. Be3 Kh7 14. Bc2 d5 15. exd5
Nxd5 16. d4 exd4 17. Bxd4 Rxe1+ 18. Qxe1 Nxd4 19. Nxd4 Kg8 20. Rd1 Qe7 21. Qd2
c6 22. Re1 Qd8 23. Ne4 Bd7 24. c4 Nb6 25. Nd6 Qf6 26. Nf3 Be6 27. Qb4 Nd7 28.
Qxb7 Rb8 29. Qxc6 Rxb2 30. Bb3 Bf8 31. Ne4 Qf4 32. c5 Bf5 33. Nf6+ Nxf6 34.
Qxf6 Qc7 1-0

[Event "10. OSIJEK OPEN"]
[Site "Osijek"]
[Date "2017.02.25"]
[Round "6.3"]
[White "Cajzler, Hinko"]
[Black "Grandic, Zvjezdan"]
[Result "0-1"]
[WhiteElo "2099"]
[BlackElo "2209"]
[PlyCount "128"]
[EventDate "2017.02.23"]

1. d4 Nf6 2. Nf3 d5 3. c4 e6 4. cxd5 exd5 5. Nc3 Bd6 6. Bg5 c6 7. Qc2 Be6 8. e3
Nbd7 9. Bd3 Rc8 10. Bh4 h6 11. Bg3 Qc7 12. Rc1 Nh5 13. Bxd6 Qxd6 14. a3 O-O 15.
b4 b5 16. O-O f5 17. g3 g6 18. Ne2 Nhf6 19. Qb2 Ne4 20. Ne5 g5 21. f3 Nef6 22.
Kg2 Nb6 23. Rh1 Nc4 24. Bxc4 dxc4 25. Nc3 Bd5 26. Nxd5 Nxd5 27. Kf2 a5 28. bxa5
Ra8 29. h4 g4 30. h5 Rxa5 31. Ra1 gxf3 32. Kxf3 Nf6 33. Ke2 Rfa8 34. g4 Ne4 35.
Rhg1 f4 36. exf4 Rxa3 37. Rxa3 Rxa3 38. Ra1 Nc3+ 39. Ke1 Rxa1+ 40. Qxa1 Nd5 41.
Qa8+ Kg7 42. Qe8 Qb4+ 43. Kf1 Qb1+ 44. Kf2 Qc2+ 45. Kg3 Qc3+ 46. Nf3 Qd3 47.
Qd7+ Kf8 48. Qxc6 Nc3 49. Qxh6+ Ke7 50. Qg7+ Kd8 51. h6 Ne4+ 52. Kh4 Qxf3 53.
Qg8+ Kc7 54. Qf7+ Kb6 55. Qe6+ Ka5 56. Kh5 Qxf4 57. Kg6 Qg5+ 58. Kf7 Qf4+ 59.
Kg7 c3 60. h7 Qg5+ 61. Kf7 Qf4+ 62. Kg7 Qc7+ 63. Kg6 Qxh7+ 64. Kxh7 Ng5+ 0-1

[Event "10. OSIJEK OPEN"]
[Site "Osijek"]
[Date "2017.02.25"]
[Round "6.4"]
[White "Bender, Ivan"]
[Black "Lovric, Petar"]
[Result "1-0"]
[WhiteElo "2248"]
[BlackElo "2042"]
[PlyCount "177"]
[EventDate "2017.02.23"]

1. d4 Nf6 2. c4 e5 3. dxe5 Ng4 4. e3 Nxe5 5. Nh3 Bb4+ 6. Bd2 Bxd2+ 7. Qxd2 O-O
8. Nf4 d6 9. Nc3 Be6 10. b3 Nbc6 11. Be2 Ne7 12. O-O N7g6 13. Nxg6 hxg6 14. f4
Nd7 15. Bf3 Rb8 16. Ne4 Re8 17. Ng5 Nf8 18. Qf2 f6 19. Ne4 Qe7 20. Nc3 c6 21.
Rad1 Bf7 22. Rfe1 Ne6 23. Be4 Rbd8 24. Qg3 f5 25. Bb1 Qf6 26. e4 Nxf4 27. exf5
Rxe1+ 28. Rxe1 gxf5 29. Qxf4 Qxc3 30. Rf1 Be6 31. Bxf5 Bxf5 32. Qxf5 Qe3+ 33.
Kh1 Qe7 34. Qa5 a6 35. Re1 Rf8 36. h3 Qf7 37. Rd1 Qe7 38. Qd2 Rf6 39. Qd4 Re6
40. Rd2 Qf6 41. Qg4 Qe7 42. Qd4 Qf6 43. Qxf6 Rxf6 44. Kh2 Kf7 45. g4 Ke6 46.
Kg3 d5 47. h4 b5 48. h5 Rf7 49. g5 a5 50. cxd5+ cxd5 51. h6 gxh6 52. gxh6 Rh7
53. Rh2 Ke5 54. Kf2 Kd4 55. Rh3 a4 56. bxa4 bxa4 57. Ke2 Kc4 58. Kd2 Kd4 59.
Rh4+ Kc5 60. a3 Kb5 61. Kd3 Kc5 62. Rh5 Kb6 63. Kd4 Kc6 64. Rh4 Kd6 65. Rh3 Ke6
66. Rh5 Kf7 67. Kxd5 Kg6 68. Rh4 Kg5 69. Rxa4 Rxh6 70. Re4 Ra6 71. a4 Kf5 72.
Rd4 Ra5+ 73. Kc6 Ke5 74. Rh4 Ke6 75. Re4+ Kf5 76. Kb6 Ra8 77. Kb7 Ra5 78. Rh4
Ke6 79. Kb6 Ra8 80. a5 Rb8+ 81. Kc6 Rb1 82. Re4+ Kf5 83. Rc4 Ke5 84. a6 Ra1 85.
Kb7 Kd5 86. Rc6 Ra2 87. Rb6 Kc5 88. a7 Ra1 89. Rb2 1-0

[Event "10. OSIJEK OPEN"]
[Site "Osijek"]
[Date "2017.02.25"]
[Round "6.5"]
[White "Berke, Ana"]
[Black "Grguric, Damir"]
[Result "1-0"]
[WhiteElo "2128"]
[BlackElo "1987"]
[PlyCount "75"]
[EventDate "2017.02.23"]

1. e4 c5 2. Nf3 d6 3. d4 cxd4 4. Nxd4 Nf6 5. f3 a6 6. c4 g6 7. Be2 Bg7 8. Nc3
O-O 9. Be3 Nc6 10. Qd2 Re8 11. O-O Bd7 12. Rac1 Qa5 13. Nb3 Qd8 14. Rfd1 Be6
15. Nd5 Nd7 16. Nf4 Nf8 17. Bf1 b6 18. Qf2 Rb8 19. Rd2 Nd7 20. g3 Qc7 21. h4
Nc5 22. Nd4 Bc8 23. Nd5 Qb7 24. b4 Nxd4 25. Bxd4 Bxd4 26. Qxd4 Ne6 27. Qe3 Kg7
28. h5 g5 29. Qc3+ f6 30. Ne3 Nf8 31. Bg2 Be6 32. f4 gxf4 33. gxf4 Qc7 34. Nd5
Bxd5 35. exd5 Nd7 36. Bh3 b5 37. Be6 Nf8 38. Rg2+ 1-0

[Event "10. OSIJEK OPEN"]
[Site "Osijek"]
[Date "2017.02.25"]
[Round "6.6"]
[White "Roklicer, Heike"]
[Black "Boban, Sten"]
[Result "1-0"]
[WhiteElo "2022"]
[BlackElo "2075"]
[PlyCount "143"]
[EventDate "2017.02.23"]

1. d4 Nf6 2. c4 e6 3. Nc3 Bb4 4. f3 d5 5. Bg5 O-O 6. e3 Re8 7. a3 Be7 8. Bd3 h6
9. Bh4 Ne4 10. Bxe7 Nxc3 11. bxc3 Qxe7 12. Ne2 c5 13. O-O b6 14. cxd5 exd5 15.
e4 Bb7 16. e5 Nc6 17. f4 f6 18. Ng3 Bc8 19. Bb5 Bd7 20. Nf5 Qf8 21. Nd6 a6 22.
Nxe8 Bxe8 23. Bxc6 Bxc6 24. Qg4 f5 25. Qg6 Rc8 26. Rf3 Qf7 27. Qd6 Qd7 28. Qg6
Qf7 29. Rg3 cxd4 30. cxd4 Bb5 31. Qxb6 Rc6 32. Qd8+ Kh7 33. Re1 Qa7 34. Kh1
Qxd4 35. Qe7 Rg6 36. Rxg6 Kxg6 37. Qe6+ Kh7 38. Qxf5+ Kg8 39. Rc1 Bc4 40. h3
Qb6 41. Rb1 Qc7 42. Rc1 Qe7 43. Rc3 Qh4 44. Kh2 Qe7 45. Qg6 Kh8 46. Qd6 Qh4 47.
e6 Qf6 48. Rc1 Kh7 49. Rd1 Kg8 50. Kh1 d4 51. Rxd4 Bxe6 52. Qd8+ Qxd8 53. Rxd8+
Kf7 54. Kg1 Ke7 55. Rd4 Bd7 56. Kf2 Bc6 57. g4 Ke6 58. h4 g6 59. Rb4 Bb5 60.
Ke3 Kd5 61. Rd4+ Ke6 62. Rd8 Kf6 63. Rb8 h5 64. Rb6+ Kg7 65. gxh5 gxh5 66. Rxb5
axb5 67. Ke4 Kf6 68. f5 Ke7 69. Ke5 Kf7 70. f6 Kf8 71. Kf5 Kf7 72. Kg5 1-0

[Event "10. OSIJEK OPEN"]
[Site "Osijek"]
[Date "2017.02.25"]
[Round "6.7"]
[White "Kovacevic, Srecko"]
[Black "Zagorscak, Dino"]
[Result "1-0"]
[WhiteElo "2093"]
[BlackElo "1861"]
[PlyCount "69"]
[EventDate "2017.02.23"]

1. d4 d5 2. Nf3 Nf6 3. e3 Bf5 4. Bd3 Bg6 5. O-O e6 6. c4 c6 7. Nc3 Bd6 8. Bxg6
hxg6 9. Re1 Ne4 10. g3 Nxc3 11. bxc3 dxc4 12. e4 O-O 13. Bg5 Be7 14. h4 f6 15.
Be3 Qa5 16. Qc2 Qh5 17. Kg2 Nd7 18. Nd2 b5 19. f3 f5 20. Rh1 e5 21. Qd1 c5 22.
g4 fxg4 23. fxg4 Qh7 24. Nf3 g5 25. Bxg5 Bxg5 26. Nxg5 Qg6 27. dxc5 Qc6 28. Qd6
Qxc5 29. Qe6+ Kh8 30. Rhf1 Nf6 31. Nf7+ Kh7 32. g5 Nh5 33. g6+ Kg8 34. Nh6+ Kh8
35. Qg8+ 1-0

[Event "10. OSIJEK OPEN"]
[Site "Osijek"]
[Date "2017.02.25"]
[Round "6.8"]
[White "Radikovic, Anamarija"]
[Black "Klem, Davor"]
[Result "1/2-1/2"]
[WhiteElo "1909"]
[BlackElo "2060"]
[PlyCount "85"]
[EventDate "2017.02.23"]

1. e4 Nc6 2. d4 e5 3. Nf3 exd4 4. Nxd4 g6 5. Bc4 Bg7 6. Nxc6 bxc6 7. Nc3 d6 8.
Qf3 Qf6 9. Qd3 Ne7 10. Be3 Be6 11. Bb3 O-O 12. O-O d5 13. Rad1 Rfd8 14. Qd2 h6
15. Bxh6 Bxh6 16. Qxh6 d4 17. Ne2 c5 18. Bxe6 Qxe6 19. Rd3 Qf6 20. b3 Nc6 21.
a3 a5 22. Rf3 Qg7 23. Qg5 Qe5 24. Rf5 Qxe4 25. Ng3 Qe7 26. Qxe7 Nxe7 27. Rxc5
d3 28. cxd3 Rxd3 29. Rxc7 Nd5 30. Rb7 a4 31. bxa4 Rxa4 32. h3 Rdxa3 33. Rd1 Ra1
34. Rxa1 Rxa1+ 35. Kh2 Ra2 36. Rd7 Nf4 37. Ne4 Re2 38. Rd4 Ne6 39. Ra4 f5 40.
Ra8+ Kg7 41. Ra7+ Kf8 42. Ra8+ Ke7 43. Ra7+ 1/2-1/2

[Event "10. OSIJEK OPEN"]
[Site "Osijek"]
[Date "2017.02.25"]
[Round "6.9"]
[White "Cenkovcan, Andrija"]
[Black "Oberman, Hotimir"]
[Result "0-1"]
[WhiteElo "2026"]
[BlackElo "1929"]
[PlyCount "54"]
[EventDate "2017.02.23"]

1. e4 e6 2. d4 d5 3. e5 c5 4. c3 Nc6 5. Nf3 Qb6 6. a3 a5 7. Be2 Bd7 8. O-O a4
9. dxc5 Bxc5 10. c4 Nge7 11. Nc3 Nd4 12. cxd5 exd5 13. Bd3 h6 14. Rb1 Qe6 15.
Re1 Nec6 16. Nxd4 Nxd4 17. Be3 Nb3 18. Bxc5 Nxc5 19. Bb5 Bc6 20. Nxd5 O-O-O 21.
Bxc6 bxc6 22. Qc2 Rxd5 23. f4 Nb3 24. Re3 Rd2 25. Qe4 Qd5 26. Qf5+ Kc7 27. Rf3
Nd4 0-1

[Event "10. OSIJEK OPEN"]
[Site "Osijek"]
[Date "2017.02.25"]
[Round "6.10"]
[White "Oreskovic, Pero"]
[Black "Dabic, Stjepan"]
[Result "1-0"]
[WhiteElo "1935"]
[BlackElo "1873"]
[PlyCount "61"]
[EventDate "2017.02.23"]

1. Nf3 Nf6 2. g3 g6 3. Bg2 Bg7 4. c4 c6 5. d3 O-O 6. O-O d6 7. d4 Nbd7 8. Nc3
Re8 9. e4 c5 10. h3 a6 11. Be3 cxd4 12. Bxd4 e5 13. Be3 Qc7 14. Qe2 Nc5 15. Nd2
b6 16. b4 Ncd7 17. Rac1 Bb7 18. Rfd1 Rad8 19. Rc2 Qb8 20. a4 Bc6 21. Nb3 Bf8
22. Rb1 Qa8 23. f3 Nh5 24. Kh2 Ng7 25. a5 Rb8 26. b5 Bb7 27. axb6 Bc8 28. Nd5
Ne6 29. Ra2 Bb7 30. bxa6 Bxa6 31. Rba1 1-0

[Event "10. OSIJEK OPEN"]
[Site "Osijek"]
[Date "2017.02.25"]
[Round "6.11"]
[White "Imsirovic, Alen"]
[Black "Franc, Borna"]
[Result "1-0"]
[WhiteElo "1967"]
[BlackElo "1638"]
[PlyCount "131"]
[EventDate "2017.02.23"]

1. e4 e5 2. Nf3 Nc6 3. Bc4 Bc5 4. d3 Nf6 5. Nc3 d6 6. Bg5 h6 7. Be3 Bb6 8. Ne2
Be6 9. Bb3 Qd7 10. Ng3 Ne7 11. d4 exd4 12. Bxd4 Bxb3 13. axb3 Bxd4 14. Nxd4 c5
15. Ndf5 Nxf5 16. Nxf5 Nxe4 17. Qd5 O-O 18. O-O Qe6 19. Rad1 Qxd5 20. Rxd5 Rad8
21. f3 Nf6 22. Rxd6 Rxd6 23. Nxd6 b6 24. Ra1 Rd8 25. Nc4 Rd7 26. Kf2 b5 27. Ne3
Kf8 28. Ra5 Rb7 29. Nf5 Nd5 30. Nd6 Rb6 31. Nxb5 a6 32. Na3 Rc6 33. Nc4 f6 34.
c3 Ke7 35. g3 Ke6 36. Nd2 f5 37. Ra1 Kf6 38. Nc4 h5 39. Rd1 Nb6 40. Na5 Re6 41.
Nb7 Rc6 42. Nd8 Rc8 43. Rd6+ Ke7 44. Nb7 Nd7 45. Rxa6 Ne5 46. Ke3 Rc7 47. Nd6
g6 48. Nb5 Rb7 49. Ra7 Rxa7 50. Nxa7 c4 51. b4 Nd3 52. Nc6+ Kd6 53. Na5 Nxb2
54. Kd4 Na4 55. Nxc4+ Ke6 56. b5 Kf6 57. b6 Nxb6 58. Nxb6 Kg5 59. Ke5 h4 60. c4
Kh5 61. c5 g5 62. Kxf5 h3 63. c6 Kh6 64. c7 Kh5 65. c8=Q Kh6 66. Qh8# 1-0

[Event "10. OSIJEK OPEN"]
[Site "Osijek"]
[Date "2017.02.25"]
[Round "6.12"]
[White "Sos, Fran"]
[Black "Mravunac, Branko"]
[Result "0-1"]
[WhiteElo "1894"]
[BlackElo "1981"]
[PlyCount "104"]
[EventDate "2017.02.23"]

1. d4 c6 2. c4 Nf6 3. Nc3 d5 4. Nf3 e6 5. Qc2 Bb4 6. e3 Ne4 7. Bd2 Nxd2 8. Nxd2
O-O 9. Bd3 h6 10. a3 Bxc3 11. Qxc3 f5 12. O-O Nd7 13. f4 Nf6 14. Nf3 Bd7 15.
Ne5 Be8 16. b4 Rc8 17. Qb2 Nd7 18. Nxd7 Bxd7 19. a4 Qf6 20. c5 b6 21. cxb6 axb6
22. Qc2 Qe7 23. Qb2 Ra8 24. a5 b5 25. Qc3 g5 26. Qc5 Qxc5 27. dxc5 Kg7 28. h3
gxf4 29. exf4 Kf6 30. Rfe1 Rg8 31. Kf2 Ra7 32. Re3 Bc8 33. Rg3 Rxg3 34. Kxg3
Rg7+ 35. Kf3 h5 36. g3 e5 37. fxe5+ Kxe5 38. Re1+ Kd4 39. Re8 Bd7 40. Rb8 Kxd3
41. a6 f4 42. gxf4 Bxh3 43. Rb7 Bg4+ 44. Kf2 Rg8 45. Rc7 Kc4 46. Rxc6 Kxb4 47.
Rc7 Ra8 48. a7 d4 49. Ke1 Kc3 50. c6 d3 51. Rd7 Bxd7 52. cxd7 Kc2 0-1

[Event "10. OSIJEK OPEN"]
[Site "Osijek"]
[Date "2017.02.25"]
[Round "6.13"]
[White "Lovakovic, Franjo"]
[Black "Golubicic, Luka"]
[Result "0-1"]
[WhiteElo "1870"]
[BlackElo "1963"]
[PlyCount "72"]
[EventDate "2017.02.23"]

1. e4 c5 2. Nf3 d6 3. d4 cxd4 4. Nxd4 Nf6 5. Nc3 a6 6. Be3 e6 7. a3 b5 8. Bd3
Bb7 9. O-O Be7 10. h3 Nbd7 11. f4 Rc8 12. Nf3 Qc7 13. Qe2 O-O 14. Nd2 e5 15.
fxe5 dxe5 16. Nb3 Nb6 17. Bxb6 Qxb6+ 18. Qf2 Qc7 19. Qf3 Rcd8 20. Kh1 g6 21. g4
h5 22. Rg1 hxg4 23. hxg4 Kg7 24. Kg2 Bc8 25. Kf2 Be6 26. Ke2 Qc8 27. g5 Nh5 28.
Nd5 Bxd5 29. exd5 Nf4+ 30. Kd2 Rxd5 31. Rae1 Rfd8 32. Nc1 Qf5 33. Qe4 Qd7 34.
Kc3 Rc5+ 35. Kb3 Qe6+ 36. c4 Nxd3 0-1

[Event "10. OSIJEK OPEN"]
[Site "Osijek"]
[Date "2017.02.25"]
[Round "6.14"]
[White "Tomasic, Dragutin"]
[Black "Macanga, Branko"]
[Result "0-1"]
[WhiteElo "1872"]
[BlackElo "1872"]
[PlyCount "84"]
[EventDate "2017.02.23"]

1. e4 Nf6 2. Nc3 d5 3. e5 d4 4. exf6 dxc3 5. fxg7 cxd2+ 6. Bxd2 Bxg7 7. c3 Nc6
8. Nf3 Bg4 9. Be2 Qd5 10. Qa4 Bd7 11. Qc4 Be6 12. Qa4 Bd7 13. Qc4 Qxc4 14. Bxc4
Na5 15. Be2 Bg4 16. h3 Be6 17. b3 c5 18. Rc1 h6 19. Be3 c4 20. b4 Nc6 21. Nd2
b5 22. Bf3 Rc8 23. O-O f5 24. Bh5+ Bf7 25. Bf3 e5 26. Rfe1 e4 27. Bd1 O-O 28.
a4 Ne5 29. Bc2 bxa4 30. Bd4 Nd3 31. Bxg7 Kxg7 32. Bxd3 cxd3 33. f3 exf3 34.
gxf3 a3 35. Re5 Rfe8 36. Rxe8 Rxe8 37. c4 Re2 38. Rd1 a2 39. Nb3 Bxc4 40. Na1
Rb2 41. Kh1 Rb1 42. Rg1+ Rxg1+ 0-1

[Event "10. OSIJEK OPEN"]
[Site "Osijek"]
[Date "2017.02.25"]
[Round "6.15"]
[White "Lucan, Darko"]
[Black "Turicar, Goran"]
[Result "1-0"]
[WhiteElo "1891"]
[BlackElo "1866"]
[PlyCount "49"]
[EventDate "2017.02.23"]

1. e4 c5 2. c3 e6 3. d4 cxd4 4. cxd4 Nf6 5. Bd3 Nc6 6. Nf3 Be7 7. O-O O-O 8.
Nc3 a6 9. Be3 b5 10. Rc1 Bb7 11. e5 Nd5 12. Nxd5 exd5 13. Bb1 g6 14. h3 Re8 15.
Nh2 Bg5 16. Ng4 Kg7 17. f4 Bh4 18. f5 h5 19. fxg6 Bg5 20. Rxf7+ Kh8 21. Rh7+
Kg8 22. Bxg5 Qxg5 23. Nh6+ Qxh6 24. Rxh6 Re6 25. Qxh5 1-0

[Event "10. OSIJEK OPEN"]
[Site "Osijek"]
[Date "2017.02.25"]
[Round "6.16"]
[White "Kejzar, Petra"]
[Black "Mutapcic, Ilija"]
[Result "1-0"]
[WhiteElo "1991"]
[BlackElo "1807"]
[PlyCount "41"]
[EventDate "2017.02.23"]

1. e4 e5 2. Nf3 Nf6 3. d4 Nxe4 4. dxe5 d5 5. Nbd2 Nxd2 6. Qxd2 Be7 7. Qf4 O-O
8. Qg3 Bf5 9. c3 Re8 10. Be2 Nd7 11. h4 f6 12. Nd4 Nxe5 13. Nxf5 Bf8 14. f4 Ng6
15. h5 Qd7 16. Qg4 Re6 17. hxg6 Rae8 18. Be3 hxg6 19. Qxg6 Rxe3 20. Nh6+ Kh8
21. Nf7+ 1-0